000 00581nam a2200181 i 4500
001 150791
003 ES-MaACL
005 20230906203711.0
007 t|
008 071112s1934 fr ||||1| fre d
100 1 _aGaffiot, Félix.
_953212
245 1 0 _aDictionnaire illustré latin-français /
_cFélix Gaffiot.
260 _aParis :
_bLibrairie Hachette,
_c1934.
300 _a2 v. :
_bil. ;
_c25 cm.
650 1 4 _aLengua latina-
_vDiccionarios-
_xFrancés.
_914296
650 4 _aLengua francesa-
_vDiccionarios-
_xLatín.
_914212
852 _aES-MaACL
_jA-3491-91 bis
_bR.15315
999 _c150791
_d150791